000 00525cam a22002171 4500
001 sa 66003316
003 DLC
005 20260227112234.0
008 891108s1965 ii 000 1 beno
010 _asa 66003316
035 _a(OCoLC)20616277
040 _aDLC
_cWaU
_dDLC
042 _apremarc
050 0 0 _aPK1718.B39
_bS85
100 1 _aBasu, Samareśa,
_d1924-1988.
245 1 0 _aSvarṇaśikhara prāṅgaṇe.
260 _c[1965]
300 _a149 p.
_c23 cm.
500 _aIn Bengali.
500 _aA novel.
999 _c68804
_d68804